000 00567nam a22001817a 4500
005 20240513150132.0
010 _aENG-140331
020 _c170.00
_a9788119664566
035 _aEN-123863
037 _bDBAD
082 _a370
245 _aThe Four Pillars of Education/
_cBy Mary Vishala 'SND'
260 _aBangalore
_bATC Publishers
_c2024
270 _aSt Mary's Block, Archdiocesan Pastoral Center No 5, Nandidurga Road, Benson Town
_bBengaluru
300 _a59p.
_c21cm(pb)
700 _aVishala, Mary
_966060
942 _2ddc
_cEN
_h370
_mVIS
999 _c202800
_d202800